00872nam a2200217 u 450000100070000000500170000700800410002403500110006503500210007604000130009704100080011008000070011811101700012524501440029526000760043930000180051549000380053365000330057165000130060465000370061762459320260506084607.0000925s1977 spa  a624593 a(OCoLC)777784631 ccomduadb aspa aSF20aConferencia Interamericana sobre la Conservacion y Utilizacion de Primates Americanos no Humanos en las Investigaciones Biomedicas (1 : 1977 : Lima, Peru),4auteaut10aPrimera conferencia interamericana sobre la conservacion y utilizacion de primates americanos no humanos en las investigaciones biomedicas aEstados Unidos :bOPS (Organización Panamericana de la Salud),c1977. a266 páginas0 aPublicación Científica ;v317 7aAnimales de laboratorio2dcs 4aPrimates 7aInvestigación biomédica2dcs